Athletics MEN World Record Holders - Statistics

General Stats
  • This quiz has been taken 35 times
  • The average score is 10 of 24
Answer Stats
RECORD EVENT ATHLETE % Correct
9.58 100m Usain Bolt
97%
19.19 200m Usain Bolt
97%
2:54.29 4x400m Relay U.S.A
80%
36.84 4x100m Relay Jamaica
73%
43.18 400m Michael Johnson
73%
1:40.91 800m David Rudisha
57%
2.45m High Jump Javier Sotomayor
57%
12:37.35 5000m Kenenisa Bekele
57%
26:17.53 10000m Kenenisa Bekele
57%
18.29m Triple Jump Jonathan Edwards
43%
8.95m Long Jump Mike Powell
43%
12.80 110m Hurdles Aries Merritt
40%
6.16m Pole Vault Renaud Lavillenie
40%
3:26.00 1500m Hicham El Guerrouj
37%
98.48m Javelin Throw Jan Zelezny
30%
46.78 400m Hurdles Kevin Young
30%
9045pt. Decathlon Ashton Eaton
27%
74.08m Discus Throw Jurgen Schult
17%
23.12 Shot Put Randy Barnes
17%
86.74m Hammer Throw Jurij Siedych
10%
7:53.63 3000m Steeplechase Saif Saaeed Shaheen
10%
2:02:57 Maraton Dennis Kimetto
7%
3:32:33 50km Walk Yohann Diniz
3%
1:16:36 20km Walk Yusuke Suzuki
3%
No matching quizzes found
Score Distribution
Percent of People with Each Score
Percentile by Number Answered
Your Score History
You have not taken this quiz